Africains île Pays - Statistiques

Statistiques générales
  • Ce quiz a été pris 50 fois
  • Le résultat moyen est 6 sur 6
Statistiques - réponses
Pays % Correct
Cap-Vert
95%
Comores
95%
Madagascar
95%
Île Maurice
93%
Seychelles
93%
Sao Tomé-et-Principe
89%
Aucun quiz correspondant
Distribution des résultats
% des personnes avec chaque résultat
Percentile par nombre de réponses
Votre historique - résultats
Vous n’avez pas pris ce quiz